00495nam a2200145Ia 4500082001200000100002200012245010800034260003400142300001000176650005500186650003100241650003500272650002700307710001500334 aTU.0033 aUmra, Damyanti J. 0aPreparation and try-out of a course in English for the trainees of primary training colleges in Gujarat c1993bSardar Patel University a445p. aENGLISH LANGUAGE - STUDY AND TEACHING (ELEMENTARY) aSTUDENT TEACHERS - GUJARAT aEDUCATION - STUDY AND TEACHING aTEACHERS - TRAINING OF aJain, S.S.